000 005930000a22001810004500
003 MACL
005 20160401135426.0
008 160401b xxu||||| |||| 00| 0 eng d
040 _aMACL
_cMACL
041 _aHindi
082 _a333
100 _aबेदी गुरनाम कौर
_949633
245 _aपर्यावरण परिवर्तन एवं प्रभाव
260 _bप्रियदर्शी प्रकाशन
_c2004
_aनई दिल्‍ली
350 _a150
650 _aEconomics Of Land & Energy
_933557
942 _cHIN
_k333
_2ddc
999 _c12748
_d12748